[Event "Ch France 2018"]
[Site "?"]
[Date "2018.08.23"]
[Round "6.1"]
[White "Gozzoli, Yannick"]
[Black "Bauer, Christian"]
[Result "1-0"]
[BlackElo "2636"]
[WhiteElo "2596"]
[LiveChessVersion "1.4.8"]

1. d4 {[%clk 1:30:56]} g6 {[%clk 1:30:55]} 2. c4 {[%clk 1:30:58]} Bg7
{[%clk 1:31:20]} 3. e4 {[%clk 1:30:55]} e6 {[%clk 1:31:41]} 4. Nc3
{[%clk 1:30:20]} Ne7 {[%clk 1:32:06]} 5. Nf3 {[%clk 1:27:12]} d5 {[%clk 1:32:04]}
6. Be2 {[%clk 1:22:35]} Nbc6 {[%clk 1:19:03]} 7. O-O {[%clk 1:10:10]} dxe4
{[%clk 1:14:47]} 8. Nxe4 {[%clk 1:10:11]} O-O {[%clk 1:14:08]} 9. Bg5
{[%clk 0:55:20]} f6 {[%clk 1:12:27]} 10. Be3 {[%clk 0:55:46]} f5 {[%clk 1:00:57]}
11. Nc3 {[%clk 0:56:10]} f4 {[%clk 0:58:57]} 12. Bc1 {[%clk 0:51:47]} Nxd4
{[%clk 0:56:35]} 13. Nxd4 {[%clk 0:51:00]} Bxd4 {[%clk 0:48:23]} 14. Nb5
{[%clk 0:51:02]} Be5 {[%clk 0:46:30]} 15. Bf3 {[%clk 0:39:40]} Qxd1
{[%clk 0:32:20]} 16. Rxd1 {[%clk 0:40:05]} c6 {[%clk 0:32:11]} 17. Re1
{[%clk 0:28:37]} Bb8 {[%clk 0:28:14]} 18. Nc3 {[%clk 0:29:02]} Nf5
{[%clk 0:22:23]} 19. b3 {[%clk 0:27:06]} Nd4 {[%clk 0:18:09]} 20. Be4
{[%clk 0:19:55]} Bd6 {[%clk 0:14:20]} 21. Bb2 {[%clk 0:20:20]} e5
{[%clk 0:14:20]} 22. Ne2 {[%clk 0:17:20]} Ne6 {[%clk 0:09:30]} 23. Nc3
{[%clk 0:14:38]} Ng5 {[%clk 0:07:57]} 24. Rad1 {[%clk 0:14:45]} Be7
{[%clk 0:04:55]} 25. Bb1 {[%clk 0:11:35]} Bg4 {[%clk 0:03:46]} 26. f3
{[%clk 0:10:14]} Bxf3 {[%clk 0:03:45]} 27. gxf3 {[%clk 0:10:39]} Nxf3+
{[%clk 0:04:13]} 28. Kf1 {[%clk 0:09:54]} Nxe1 {[%clk 0:02:13]} 29. Rxe1
{[%clk 0:10:16]} Rad8 {[%clk 0:02:13]} 30. Ne4 {[%clk 0:10:15]} Bh4
{[%clk 0:01:30]} 31. Rc1 {[%clk 0:10:40]} Rf5 {[%clk 0:01:18]} 32. Bc3
{[%clk 0:10:30]} Rh5 {[%clk 0:00:53]} 33. Kg2 {[%clk 0:10:24]} Be7
{[%clk 0:00:50]} 34. Rf1 {[%clk 0:08:26]} Rf5 {[%clk 0:00:42]} 35. Bc2
{[%clk 0:08:45]} Kf7 {[%clk 0:00:37]} 36. Nd2 {[%clk 0:06:46]} Rg5+
{[%clk 0:00:38]} 37. Kh1 {[%clk 0:07:12]} Rh5 {[%clk 0:00:37]} 38. Nf3
{[%clk 0:07:29]} Bf6 {[%clk 0:00:47]} 39. Be4 {[%clk 0:07:44]} Ke6
{[%clk 0:00:36]} 40. Kg2 {[%clk 0:08:00]} g5 {[%clk 0:00:39]} 41. h3
{[%clk 0:08:13]} g4 {[%clk 0:23:07]} 42. hxg4 {[%clk 0:37:15]} Rg8
{[%clk 0:23:32]} 43. Nh2 {[%clk 0:36:07]} Rhg5 {[%clk 0:19:46]} 44. Bxh7
{[%clk 0:32:44]} Rxg4+ {[%clk 0:17:51]} 45. Nxg4 {[%clk 0:33:08]} Rxg4+
{[%clk 0:18:19]} 46. Kf2 {[%clk 0:33:33]} Bh4+ {[%clk 0:08:57]} 47. Ke2
{[%clk 0:33:18]} Rg2+ {[%clk 0:09:22]} 48. Kd3 {[%clk 0:33:43]} Rxa2
{[%clk 0:07:27]} 49. Rh1 {[%clk 0:34:08]} Bg5 {[%clk 0:06:29]} 50. Be4
{[%clk 0:34:04]} Rf2 {[%clk 0:03:13]} 51. Rh5 {[%clk 0:33:12]} Bf6
{[%clk 0:03:27]} 52. Rh7 {[%clk 0:31:37]} Rf1 {[%clk 0:03:21]} 53. Ke2
{[%clk 0:31:35]} Rg1 {[%clk 0:03:14]} 54. Rxb7 {[%clk 0:31:25]} Rg3
{[%clk 0:03:41]} 55. Bd2 {[%clk 0:31:47]} c5 {[%clk 0:01:57]} 56. Rxa7
{[%clk 0:28:30]} Rxb3 {[%clk 0:02:20]} 57. Ra6+ {[%clk 0:28:55]} Kf7
{[%clk 0:02:32]} 58. Rd6 {[%clk 0:29:16]} Bg5 {[%clk 0:01:38]} 59. Rd3
{[%clk 0:26:31]} Rb2 {[%clk 0:01:59]} 60. Kf3 {[%clk 0:26:50]} Ke6
{[%clk 0:01:45]} 61. Kg4 {[%clk 0:26:59]} Be7 {[%clk 0:02:09]} 62. Bd5+
{[%clk 0:26:39]} Kf6 {[%clk 0:02:26]} 63. Be1 {[%clk 0:26:58]} Rh2
{[%clk 0:01:57]} 64. Rb3 {[%clk 0:26:33]} Kg7 {[%clk 0:00:45]} 65. Rb7
{[%clk 0:26:08]} Kf8 {[%clk 0:01:09]} 66. Bc3 {[%clk 0:26:13]} Rh4+
{[%clk 0:01:17]} 67. Kf5 {[%clk 0:26:39]} Rh5+ {[%clk 0:01:45]} 68. Ke4
{[%clk 0:27:02]} Bd6 {[%clk 0:00:50]} 69. Rd7 {[%clk 0:27:21]} Rh3
{[%clk 0:00:36]} 70. Rxd6 {[%clk 0:27:06]} 1-0

[Event "Ch France 2018"]
[Site "?"]
[Date "2018.08.23"]
[Round "6.3"]
[White "Fressinet, Laurent"]
[Black "Edouard, Romain"]
[Result "1/2-1/2"]
[BlackElo "2638"]
[WhiteElo "2645"]
[LiveChessVersion "1.4.8"]

1. d4 {[%clk 1:30:55]} Nf6 {[%clk 1:30:15]} 2. c4 {[%clk 1:31:14]} e6
{[%clk 1:30:42]} 3. g3 {[%clk 1:31:39]} d5 {[%clk 1:30:51]} 4. Bg2
{[%clk 1:31:56]} dxc4 {[%clk 1:30:53]} 5. Nf3 {[%clk 1:31:53]} c5
{[%clk 1:31:11]} 6. O-O {[%clk 1:31:41]} Nc6 {[%clk 1:31:24]} 7. dxc5
{[%clk 1:31:32]} Qxd1 {[%clk 1:31:29]} 8. Rxd1 {[%clk 1:31:58]} Bxc5
{[%clk 1:31:56]} 9. Nfd2 {[%clk 1:31:29]} Na5 {[%clk 1:31:48]} 10. Na3
{[%clk 1:30:59]} Bxa3 {[%clk 1:31:25]} 11. bxa3 {[%clk 1:31:23]} Nd5
{[%clk 1:29:13]} 12. Ne4 {[%clk 1:28:43]} O-O {[%clk 1:29:31]} 13. Bd2
{[%clk 1:21:22]} Nc6 {[%clk 1:29:54]} 14. Nc3 {[%clk 1:14:11]} Rd8
{[%clk 0:51:33]} 15. Rab1 {[%clk 0:49:31]} f6 {[%clk 0:48:12]} 16. Be1
{[%clk 0:46:58]} Nxc3 {[%clk 0:47:13]} 17. Bxc3 {[%clk 0:46:04]} Rxd1+
{[%clk 0:43:23]} 18. Rxd1 {[%clk 0:46:25]} Kf7 {[%clk 0:43:45]} 19. a4
{[%clk 0:41:18]} Rb8 {[%clk 0:35:15]} 20. a5 {[%clk 0:40:08]} Ke7
{[%clk 0:35:01]} 21. Be4 {[%clk 0:33:00]} h6 {[%clk 0:34:26]} 22. Rc1
{[%clk 0:24:35]} e5 {[%clk 0:31:40]} 23. e3 {[%clk 0:21:20]} Be6 {[%clk 0:30:04]}
24. f4 {[%clk 0:17:21]} 1/2-1/2

[Event "Ch France 2018"]
[Site "?"]
[Date "2018.08.23"]
[Round "6.4"]
[White "Bacrot, Etienne"]
[Black "Loiseau, Quentin"]
[Result "1-0"]
[BlackElo "2417"]
[WhiteElo "2699"]
[LiveChessVersion "1.4.8"]

1. e4 {[%clk 1:30:57]} c5 {[%clk 1:30:47]} 2. Nf3 {[%clk 1:31:21]} Nc6
{[%clk 1:31:12]} 3. Nc3 {[%clk 1:31:46]} Nf6 {[%clk 1:31:36]} 4. Bb5
{[%clk 1:31:30]} Qc7 {[%clk 1:31:34]} 5. O-O {[%clk 1:31:20]} Nd4
{[%clk 1:31:40]} 6. Re1 {[%clk 1:30:53]} a6 {[%clk 1:31:40]} 7. Bc4
{[%clk 1:30:45]} d6 {[%clk 1:31:07]} 8. Nd5 {[%clk 1:30:18]} Nxd5
{[%clk 1:31:11]} 9. exd5 {[%clk 1:30:40]} g6 {[%clk 1:31:30]} 10. Nxd4
{[%clk 1:30:55]} cxd4 {[%clk 1:31:54]} 11. d3 {[%clk 1:31:21]} h6
{[%clk 1:32:17]} 12. a4 {[%clk 1:31:29]} Bg7 {[%clk 1:32:23]} 13. a5
{[%clk 1:28:46]} O-O {[%clk 1:31:12]} 14. Bd2 {[%clk 1:28:58]} Re8
{[%clk 1:28:44]} 15. Qf3 {[%clk 1:27:32]} e5 {[%clk 1:20:40]} 16. dxe6
{[%clk 1:23:45]} Bxe6 {[%clk 1:19:19]} 17. Bxe6 {[%clk 1:24:09]} Rxe6
{[%clk 1:18:55]} 18. Rxe6 {[%clk 1:21:11]} fxe6 {[%clk 1:19:10]} 19. c4
{[%clk 1:21:15]} dxc3 {[%clk 1:13:32]} 20. bxc3 {[%clk 1:20:14]} Rf8
{[%clk 1:05:57]} 21. Qe2 {[%clk 1:13:02]} Qf7 {[%clk 1:01:44]} 22. Rb1
{[%clk 1:07:54]} d5 {[%clk 0:43:22]} 23. d4 {[%clk 1:04:01]} Kh7 {[%clk 0:35:15]}
24. h4 {[%clk 0:56:28]} Re8 {[%clk 0:32:17]} 25. g3 {[%clk 0:51:38]} e5
{[%clk 0:18:23]} 26. dxe5 {[%clk 0:51:19]} Rxe5 {[%clk 0:18:27]} 27. Qd3
{[%clk 0:50:14]} h5 {[%clk 0:17:45]} 28. Rb4 {[%clk 0:35:13]} Re4
{[%clk 0:05:33]} 29. Rb6 {[%clk 0:29:02]} Re6 {[%clk 0:05:48]} 30. Rb3
{[%clk 0:29:09]} Re7 {[%clk 0:04:13]} 31. Be3 {[%clk 0:26:10]} Rc7
{[%clk 0:03:55]} 32. Bd4 {[%clk 0:22:43]} Bxd4 {[%clk 0:04:06]} 33. cxd4
{[%clk 0:21:39]} Re7 {[%clk 0:03:57]} 34. Kg2 {[%clk 0:18:32]} Kg7
{[%clk 0:04:14]} 35. Qb1 {[%clk 0:16:03]} Rc7 {[%clk 0:01:50]} 36. Rb6
{[%clk 0:15:25]} Re7 {[%clk 0:01:36]} 37. Qc2 {[%clk 0:13:04]} Kh7
{[%clk 0:01:38]} 38. Qc8 {[%clk 0:11:21]} Kg7 {[%clk 0:00:35]} 39. Rb3
{[%clk 0:07:54]} Rc7 {[%clk 0:00:57]} 40. Qb8 {[%clk 0:06:23]} Re7
{[%clk 0:00:43]} 41. Rf3 {[%clk 0:01:38]} Qe8 {[%clk 0:25:37]} 42. Qd6
{[%clk 0:30:36]} Rd7 {[%clk 0:21:58]} 43. Qf6+ {[%clk 0:27:38]} Kh7
{[%clk 0:20:40]} 44. Re3 {[%clk 0:25:38]} Qf7 {[%clk 0:20:45]} 45. Qxf7+
{[%clk 0:15:49]} Rxf7 {[%clk 0:21:14]} 46. Re6 {[%clk 0:15:51]} Rd7
{[%clk 0:20:28]} 47. Kf3 {[%clk 0:15:32]} Kg7 {[%clk 0:20:36]} 48. Ke3
{[%clk 0:10:25]} Kf7 {[%clk 0:20:20]} 49. Rb6 {[%clk 0:10:51]} Kg7
{[%clk 0:19:25]} 50. Kf4 {[%clk 0:08:14]} Rf7+ {[%clk 0:18:18]} 51. Ke5
{[%clk 0:08:30]} Rxf2 {[%clk 0:14:04]} 52. Rxb7+ {[%clk 0:08:52]} Kh6
{[%clk 0:13:01]} 53. Kxd5 {[%clk 0:08:04]} Rf5+ {[%clk 0:13:22]} 54. Ke6
{[%clk 0:07:15]} Rxa5 {[%clk 0:12:54]} 55. d5 {[%clk 0:07:39]} Ra3
{[%clk 0:12:18]} 56. d6 {[%clk 0:08:02]} Re3+ {[%clk 0:09:36]} 57. Kf7
{[%clk 0:07:36]} Rxg3 {[%clk 0:08:05]} 58. d7 {[%clk 0:05:56]} Rd3
{[%clk 0:08:18]} 59. Ke8 {[%clk 0:05:36]} Re3+ {[%clk 0:07:13]} 60. Kd8
{[%clk 0:05:54]} g5 {[%clk 0:05:40]} 61. Rb6+ {[%clk 0:05:55]} Kg7
{[%clk 0:06:04]} 62. Kc7 {[%clk 0:06:16]} Re7 {[%clk 0:06:19]} 63. hxg5
{[%clk 0:05:51]} 1-0

[Event "Ch France 2018"]
[Site "?"]
[Date "2018.08.23"]
[Round "6.5"]
[White "Cornette, Matthieu"]
[Black "Le Roux, Jean-Pierre"]
[Result "0-1"]
[BlackElo "2539"]
[WhiteElo "2593"]
[LiveChessVersion "1.4.8"]

1. e4 {[%clk 1:30:55]} e5 {[%clk 1:30:09]} 2. Bc4 {[%clk 1:30:33]} Nf6
{[%clk 1:30:02]} 3. d3 {[%clk 1:30:59]} c6 {[%clk 1:28:32]} 4. Nf3
{[%clk 1:29:51]} d5 {[%clk 1:27:55]} 5. Bb3 {[%clk 1:30:15]} Bb4+
{[%clk 1:27:52]} 6. Bd2 {[%clk 1:30:02]} Bxd2+ {[%clk 1:28:16]} 7. Nbxd2
{[%clk 1:30:28]} a5 {[%clk 1:17:15]} 8. a4 {[%clk 1:30:15]} Nbd7 {[%clk 1:16:18]}
9. O-O {[%clk 1:29:57]} O-O {[%clk 1:16:39]} 10. Re1 {[%clk 1:28:39]} Qc7
{[%clk 1:10:08]} 11. d4 {[%clk 1:25:28]} exd4 {[%clk 1:03:24]} 12. exd5
{[%clk 1:25:47]} c5 {[%clk 1:01:44]} 13. c4 {[%clk 1:08:51]} dxc3
{[%clk 1:01:04]} 14. bxc3 {[%clk 1:08:46]} Nb6 {[%clk 0:59:40]} 15. c4
{[%clk 1:03:06]} Bf5 {[%clk 0:52:12]} 16. Bc2 {[%clk 0:55:35]} Bxc2
{[%clk 0:44:59]} 17. Qxc2 {[%clk 0:56:02]} Nc8 {[%clk 0:44:12]} 18. Ra3
{[%clk 0:45:06]} Nd6 {[%clk 0:43:12]} 19. Rae3 {[%clk 0:43:24]} Rae8
{[%clk 0:40:54]} 20. Ne5 {[%clk 0:42:38]} Qc8 {[%clk 0:40:24]} 21. Nb3
{[%clk 0:35:22]} Nf5 {[%clk 0:25:46]} 22. R3e2 {[%clk 0:33:23]} Nh4
{[%clk 0:23:21]} 23. h3 {[%clk 0:30:27]} b6 {[%clk 0:19:27]} 24. Nd2
{[%clk 0:24:59]} Ng6 {[%clk 0:18:58]} 25. Ndf3 {[%clk 0:20:14]} Nd7
{[%clk 0:09:37]} 26. Nc6 {[%clk 0:19:05]} Rxe2 {[%clk 0:09:42]} 27. Qxe2
{[%clk 0:17:01]} Nf6 {[%clk 0:09:54]} 28. Nfe5 {[%clk 0:13:56]} Qc7
{[%clk 0:08:22]} 29. Nxg6 {[%clk 0:09:53]} hxg6 {[%clk 0:08:41]} 30. Qe5
{[%clk 0:06:40]} Qxe5 {[%clk 0:07:50]} 31. Rxe5 {[%clk 0:07:04]} Ne8
{[%clk 0:08:03]} 32. Rxe8 {[%clk 0:03:49]} Rxe8 {[%clk 0:08:22]} 33. Kf1
{[%clk 0:04:17]} b5 {[%clk 0:05:38]} 34. cxb5 {[%clk 0:01:45]} c4
{[%clk 0:06:04]} 35. Nxa5 {[%clk 0:00:59]} c3 {[%clk 0:05:40]} 36. Nb3
{[%clk 0:00:58]} Re4 {[%clk 0:05:37]} 37. Nc1 {[%clk 0:00:39]} Rxa4
{[%clk 0:04:48]} 38. Ke2 {[%clk 0:01:02]} Rd4 {[%clk 0:05:04]} 39. b6
{[%clk 0:00:56]} Rxd5 {[%clk 0:02:47]} 40. b7 {[%clk 0:01:24]} Rd8
{[%clk 0:01:08]} 41. Nd3 {[%clk 0:01:47]} Kf8 {[%clk 0:00:48]} 42. Nb4
{[%clk 0:00:52]} Rb8 {[%clk 0:26:14]} 43. Kd3 {[%clk 0:31:10]} Rxb7
{[%clk 0:26:37]} 44. Kxc3 Ke7 {[%clk 0:25:59]} 45. Nd3 {[%clk 0:28:56]} Kd6
{[%clk 0:24:10]} 46. Kd2 {[%clk 0:27:39]} Kd5 {[%clk 0:23:42]} 47. Ke2
{[%clk 0:25:54]} g5 {[%clk 0:20:25]} 48. Ne1 {[%clk 0:21:46]} Rb3
{[%clk 0:19:39]} 49. Nf3 {[%clk 0:21:06]} f6 50. Nd2 {[%clk 0:19:56]} Ra3
{[%clk 0:20:02]} 51. g3 {[%clk 0:17:51]} Ra1 {[%clk 0:13:49]} 52. Nf1
{[%clk 0:17:01]} Ke6 {[%clk 0:13:09]} 0-1

[Event "Ch France 2018 - Vétérans"]
[Site "?"]
[Date "2018.08.23"]
[Round "6.1"]
[White "Vareille, Francois"]
[Black "Prie, Eric"]
[Result "1-0"]
[BlackElo "2480"]
[WhiteElo "2421"]
[LiveChessVersion "1.4.4"]

1. d4 {[%clk 1:30:12]} Nf6 {[%clk 1:26:30]} 2. c4 {[%clk 1:30:29]} c5
{[%clk 1:26:42]} 3. d5 {[%clk 1:30:48]} b5 {[%clk 1:27:05]} 4. Nf3
{[%clk 1:31:11]} g6 {[%clk 1:27:28]} 5. Qc2 {[%clk 1:29:25]} bxc4
{[%clk 1:26:43]} 6. e4 {[%clk 1:29:44]} Bg7 {[%clk 1:26:30]} 7. Bxc4
{[%clk 1:29:58]} d6 {[%clk 1:26:23]} 8. O-O {[%clk 1:29:44]} O-O {[%clk 1:26:47]}
9. Nc3 {[%clk 1:25:38]} Nfd7 {[%clk 1:26:47]} 10. Re1 {[%clk 1:24:11]} Nb6
{[%clk 1:21:37]} 11. Bf1 {[%clk 1:24:11]} Ba6 {[%clk 1:21:37]} 12. Nb5
{[%clk 1:24:11]} N8d7 {[%clk 1:21:37]} 13. a4 {[%clk 1:24:11]} Nf6
{[%clk 1:21:37]} 14. Bf4 {[%clk 1:24:11]} Qd7 {[%clk 1:21:37]} 15. Rad1
{[%clk 1:24:11]} Rab8 {[%clk 1:21:37]} 16. b3 {[%clk 1:24:11]} Qb7
{[%clk 1:21:37]} 17. Qd2 {[%clk 1:24:11]} Rfc8 {[%clk 1:21:37]} 18. Qa5
{[%clk 1:24:11]} c4 {[%clk 1:21:37]} 19. Bxd6 {[%clk 1:24:11]} exd6
{[%clk 1:21:37]} 20. Nxd6 {[%clk 1:24:11]} Qc7 {[%clk 1:21:37]} 21. Qxa6
{[%clk 1:24:11]} Qxd6 {[%clk 1:21:37]} 22. e5 {[%clk 1:24:11]} Qc5
{[%clk 1:21:37]} 23. exf6 {[%clk 1:24:11]} Bxf6 {[%clk 1:21:37]} 24. Bxc4
{[%clk 1:24:11]} Nxc4 {[%clk 1:21:37]} 25. Qxf6 {[%clk 1:24:11]} Rxb3
{[%clk 1:21:37]} 26. d6 {[%clk 1:24:11]} Rb6 {[%clk 1:21:37]} 27. Ng5
{[%clk 1:24:11]} Rf8 {[%clk 1:21:37]} 28. Nxf7 {[%clk 1:24:11]} 1-0

[Event "Ch France 2018 - Vétérans"]
[Site "?"]
[Date "2018.08.23"]
[Round "6.2"]
[White "Saucey, Michel"]
[Black "Dussol, Pierre"]
[Result "1-0"]
[BlackElo "2096"]
[WhiteElo "2283"]
[LiveChessVersion "1.4.4"]

1. d4 {[%clk 1:30:59]} Nf6 {[%clk 1:29:00]} 2. Nf3 {[%clk 1:30:58]} d6
{[%clk 1:28:42]} 3. c4 {[%clk 1:29:24]} Nbd7 {[%clk 1:27:36]} 4. g3
{[%clk 1:29:32]} e5 {[%clk 1:27:11]} 5. Nc3 {[%clk 1:29:27]} g6 {[%clk 1:26:54]}
6. Bg2 {[%clk 1:29:49]} Bg7 {[%clk 1:27:11]} 7. O-O {[%clk 1:30:14]} O-O
{[%clk 1:27:15]} 8. e4 {[%clk 1:30:34]} c6 {[%clk 1:26:38]} 9. h3
{[%clk 1:30:56]} a5 {[%clk 1:24:05]} 10. Be3 {[%clk 1:26:36]} exd4
{[%clk 1:15:53]} 11. Nxd4 {[%clk 1:25:20]} Qe7 {[%clk 1:15:18]} 12. Re1
{[%clk 1:25:07]} Re8 {[%clk 1:12:54]} 13. Qc2 {[%clk 1:23:43]} Nc5
{[%clk 1:12:39]} 14. Nb3 {[%clk 1:21:35]} Na6 {[%clk 1:00:38]} 15. a3
{[%clk 1:08:38]} Be6 {[%clk 0:45:37]} 16. Nxa5 {[%clk 1:01:13]} Qc7
{[%clk 0:41:36]} 17. b4 {[%clk 0:58:20]} Nd7 {[%clk 0:33:24]} 18. Rac1
{[%clk 0:51:50]} Ne5 {[%clk 0:30:23]} 19. Na4 {[%clk 0:43:35]} c5
{[%clk 0:23:57]} 20. f4 {[%clk 0:38:28]} Nd7 {[%clk 0:12:41]} 21. f5
{[%clk 0:35:33]} Bxf5 {[%clk 0:11:58]} 22. exf5 {[%clk 0:33:21]} Rxe3
{[%clk 0:11:44]} 23. Rxe3 {[%clk 0:33:46]} Bd4 {[%clk 0:11:38]} 24. Rce1
{[%clk 0:34:01]} Re8 {[%clk 0:10:38]} 25. Qd2 {[%clk 0:30:34]} b6
{[%clk 0:07:40]} 26. Nc6 {[%clk 0:28:58]} Rxe3 {[%clk 0:06:21]} 27. Rxe3
{[%clk 0:29:06]} Bxe3+ {[%clk 0:06:30]} 28. Qxe3 {[%clk 0:29:31]} 1-0

[Event "Ch France 2018 - Vétérans"]
[Site "?"]
[Date "2018.08.23"]
[Round "6.3"]
[White "Busson, Benoist"]
[Black "Vial, Patrick"]
[Result "0-1"]
[BlackElo "2139"]
[WhiteElo "1882"]
[LiveChessVersion "1.4.4"]

1. d4 {[%clk 1:30:55]} Nf6 {[%clk 1:29:58]} 2. Nc3 {[%clk 1:31:12]} d5
{[%clk 1:29:50]} 3. Bf4 {[%clk 1:31:12]} Bf5 {[%clk 1:19:50]} 4. e3
{[%clk 1:30:43]} e6 {[%clk 1:17:35]} 5. Bd3 {[%clk 1:29:28]} Bb4 {[%clk 1:08:07]}
6. Bxf5 {[%clk 1:26:08]} exf5 {[%clk 1:08:31]} 7. Qd3 {[%clk 1:24:38]} Qc8
{[%clk 0:49:31]} 8. Be5 {[%clk 1:09:20]} Ne4 {[%clk 0:41:30]} 9. f3
{[%clk 1:04:45]} Bxc3+ {[%clk 0:41:22]} 10. bxc3 {[%clk 1:04:46]} f6
{[%clk 0:41:51]} 11. Bxc7 {[%clk 1:01:26]} Qxc7 {[%clk 0:42:03]} 12. fxe4
{[%clk 1:01:49]} fxe4 {[%clk 0:42:27]} 13. Qb5+ {[%clk 1:01:09]} Qc6
{[%clk 0:40:33]} 14. Rb1 {[%clk 1:00:24]} b6 {[%clk 0:40:55]} 15. Ne2
{[%clk 0:56:52]} O-O {[%clk 0:38:37]} 16. Kd2 {[%clk 0:50:39]} Qd6
{[%clk 0:31:22]} 17. Nf4 {[%clk 0:45:10]} Rd8 {[%clk 0:31:28]} 18. c4
{[%clk 0:44:59]} dxc4 {[%clk 0:26:15]} 19. Qxc4+ {[%clk 0:45:14]} Kh8
{[%clk 0:26:44]} 20. Rb5 {[%clk 0:27:18]} Nc6 {[%clk 0:22:21]} 21. Rhb1
{[%clk 0:24:21]} Na5 {[%clk 0:17:28]} 22. Qf7 {[%clk 0:22:25]} Rd7
{[%clk 0:16:39]} 23. Qh5 {[%clk 0:21:43]} Nc4+ {[%clk 0:15:19]} 24. Ke2
{[%clk 0:20:36]} Nxe3 {[%clk 0:13:19]} 25. Ng6+ {[%clk 0:18:28]} Kg8
{[%clk 0:13:48]} 26. Kxe3 {[%clk 0:18:35]} Qxd4+ {[%clk 0:14:06]} 27. Ke2
{[%clk 0:18:25]} Qd2+ {[%clk 0:13:56]} 28. Kf1 {[%clk 0:18:49]} hxg6
{[%clk 0:13:09]} 29. Qe2 {[%clk 0:17:14]} Qf4+ {[%clk 0:12:10]} 30. Kg1
{[%clk 0:16:59]} Rd2 {[%clk 0:12:16]} 31. Qc4+ {[%clk 0:16:42]} Kh7
{[%clk 0:11:49]} 32. R5b3 {[%clk 0:16:30]} Qf2+ {[%clk 0:12:08]} 0-1

[Event "Ch France 2018 - Vétérans"]
[Site "?"]
[Date "2018.08.23"]
[Round "6.4"]
[White "Ricter, Jean-Paul"]
[Black "Caderon, Michel"]
[Result "1-0"]
[BlackElo "1967"]
[WhiteElo "2065"]
[LiveChessVersion "1.4.4"]

1. e4 {[%clk 1:30:56]} c5 {[%clk 1:30:56]} 2. d4 {[%clk 1:31:08]} cxd4
{[%clk 1:31:13]} 3. c3 {[%clk 1:31:28]} Nf6 {[%clk 1:31:33]} 4. e5
{[%clk 1:31:38]} Nd5 {[%clk 1:31:47]} 5. Qxd4 {[%clk 1:31:57]} e6
{[%clk 1:31:41]} 6. Nf3 {[%clk 1:32:04]} Nc6 {[%clk 1:31:54]} 7. Qe4
{[%clk 1:32:19]} f5 {[%clk 1:31:45]} 8. Qe2 {[%clk 1:32:26]} Qc7 {[%clk 1:31:55]}
9. g3 {[%clk 1:28:43]} b5 {[%clk 1:32:18]} 10. Bg2 {[%clk 1:27:27]} a5
{[%clk 1:32:35]} 11. O-O {[%clk 1:25:09]} Ba6 {[%clk 1:33:00]} 12. Rd1
{[%clk 1:17:20]} Bc5 {[%clk 1:31:36]} 13. Rxd5 {[%clk 0:53:24]} exd5
{[%clk 1:31:58]} 14. e6 {[%clk 0:53:48]} O-O-O {[%clk 1:09:33]} 15. a4
{[%clk 0:54:02]} Qb7 {[%clk 1:08:51]} 16. Bf1 {[%clk 0:54:06]} Na7
{[%clk 1:05:38]} 17. Nd4 {[%clk 0:51:13]} Bxd4 {[%clk 1:02:45]} 18. cxd4
{[%clk 0:51:41]} Rhe8 {[%clk 1:01:09]} 19. e7 {[%clk 0:51:06]} Rxe7
{[%clk 1:01:20]} 20. Qxe7 {[%clk 0:51:33]} d6 21. Qxb7+ {[%clk 0:50:04]} Kxb7
{[%clk 1:01:31]} 22. Nc3 {[%clk 0:49:25]} b4 {[%clk 1:00:21]} 23. Nxd5
{[%clk 0:48:27]} Bxf1 {[%clk 1:00:05]} 24. Kxf1 {[%clk 0:48:57]} Re8
{[%clk 0:59:20]} 25. Be3 Nc6 {[%clk 0:58:38]} 26. Rc1 {[%clk 0:43:37]} h6
{[%clk 0:57:37]} 27. h4 {[%clk 0:43:21]} g6 {[%clk 0:56:41]} 28. Rd1
{[%clk 0:39:53]} h5 {[%clk 0:55:41]} 29. Nf4 {[%clk 0:38:59]} Ne7
{[%clk 0:55:19]} 30. d5 {[%clk 0:37:56]} Rc8 {[%clk 0:54:03]} 31. Rc1
{[%clk 0:36:05]} Rxc1+ 32. Bxc1 Nxd5 {[%clk 0:54:13]} 33. Nxd5 {[%clk 0:36:30]}
Kc6 {[%clk 0:54:41]} 34. Ne3 {[%clk 0:34:38]} Kc5 {[%clk 0:53:35]} 35. Ke2
{[%clk 0:33:03]} 1-0

[Event "Ch France 2018 - Open A"]
[Site "?"]
[Date "2018.08.23"]
[Round "6.1"]
[White "El Mchaouri Mas, Younes"]
[Black "Pham, Arthur"]
[Result "0-1"]
[BlackElo "2107"]
[WhiteElo "2120"]
[LiveChessVersion "1.4.4"]

1. Nf3 {[%clk 1:30:53]} Nf6 {[%clk 1:30:38]} 2. d4 {[%clk 1:29:40]} c5
{[%clk 1:29:19]} 3. c3 {[%clk 1:29:44]} e6 {[%clk 1:20:10]} 4. Bg5
{[%clk 1:27:24]} d5 {[%clk 1:16:50]} 5. e3 {[%clk 1:26:19]} h6 {[%clk 1:15:28]}
6. Bh4 {[%clk 1:20:00]} a6 {[%clk 1:09:54]} 7. Nbd2 {[%clk 1:11:12]} Be7
{[%clk 1:09:08]} 8. Bd3 {[%clk 0:55:55]} Nbd7 {[%clk 1:07:15]} 9. O-O
{[%clk 0:55:01]} b6 {[%clk 1:05:17]} 10. Ne5 {[%clk 0:33:14]} Nxe5
{[%clk 1:02:49]} 11. dxe5 {[%clk 0:33:03]} Nd7 {[%clk 1:01:11]} 12. Bxe7
{[%clk 0:31:57]} Qxe7 {[%clk 1:01:28]} 13. f4 {[%clk 4:04:14]} Bb7
{[%clk 0:58:47]} 14. Qe2 {[%clk 0:31:55]} O-O {[%clk 0:52:09]} 15. Rad1
{[%clk 0:30:26]} f6 {[%clk 0:47:16]} 16. exf6 {[%clk 0:20:29]} Nxf6
{[%clk 0:38:01]} 17. e4 {[%clk 0:19:13]} d4 {[%clk 0:34:47]} 18. cxd4
{[%clk 0:19:01]} cxd4 {[%clk 0:35:06]} 19. Nf3 {[%clk 0:11:04]} Rad8
{[%clk 0:34:06]} 20. Ne5 {[%clk 0:10:59]} Qe8 {[%clk 0:29:36]} 21. Rc1
{[%clk 0:06:53]} Rc8 {[%clk 0:27:00]} 22. b3 {[%clk 0:06:03]} b5 {[%clk 0:25:57]}
23. g3 {[%clk 0:01:48]} Rc3 {[%clk 0:17:53]} 24. Rxc3 {[%clk 0:01:24]} dxc3
{[%clk 0:18:18]} 25. b4 {[%clk 0:01:32]} Nd7 {[%clk 0:17:08]} 26. Nf3
{[%clk 0:01:33]} e5 {[%clk 0:15:45]} 27. f5 {[%clk 0:01:20]} Qe7 {[%clk 0:14:07]}
28. a3 {[%clk 0:01:46]} Nf6 {[%clk 0:14:21]} 29. Rc1 {[%clk 0:02:00]} Qc7
{[%clk 0:13:32]} 30. h3 {[%clk 0:00:43]} Rd8 {[%clk 0:10:46]} 31. Bc2
{[%clk 0:00:53]} Kh7 {[%clk 0:09:57]} 32. Qe3 {[%clk 0:00:52]} a5
{[%clk 0:07:30]} 33. Qc5 {[%clk 0:00:46]} Qxc5+ {[%clk 0:07:22]} 34. bxc5
{[%clk 0:01:15]} Bxe4 {[%clk 0:07:17]} 35. Nxe5 {[%clk 0:00:54]} Bxc2
{[%clk 0:06:47]} 36. Rxc2 {[%clk 0:01:11]} b4 {[%clk 0:06:26]} 37. axb4
{[%clk 0:01:29]} axb4 {[%clk 0:06:52]} 38. Kf2 {[%clk 0:00:41]} b3
{[%clk 0:07:13]} 0-1